Normal view
MARC view
Entry Topical Term
001 - CONTROL NUMBER
- control field: 237670
003 - CONTROL NUMBER IDENTIFIER
- control field: OSt
005 - DATE AND TIME OF LATEST TRANSACTION
- control field: 20250829135605.0
008 - FIXED-LENGTH DATA ELEMENTS
- fixed length control field: 250829|| aca||aabn | a|a d
040 ## - CATALOGING SOURCE
- Original cataloging agency: OSt
- Transcribing agency: OSt
150 ## - HEADING--TOPICAL TERM
- Topical term or geographic name entry element: Quiz
670 ## - SOURCE DATA FOUND
- Source citation: Work cat.: (OSt)142465: Allen D Bragdon 237652, Exercises for the whole brain, 2010